Ekonomika a řízení spotřebního průmyslu
Salvato in:
| Natura: | Periodico |
|---|---|
| Lingua: | ceco |
| Pubblicazione: |
Praha
Výzkumný ústav techn.-ekon. spotřeb. prům.
|
| Tags: |
Nessun Tag, puoi essere il primo ad aggiungerne!!
|
MARC
| LEADER | 00000nas1a22000001 4500 | ||
|---|---|---|---|
| 001 | s121050 | ||
| 005 | 20041019155347.3 | ||
| 041 | 0 | |a cze | |
| 044 | |a CZ | ||
| 245 | 1 | 0 | |a Ekonomika a řízení spotřebního průmyslu |
| 264 | 1 | |a Praha |b Výzkumný ústav techn.-ekon. spotřeb. prům. | |
| 500 | |a 1972-1981 pozri Informátor SUPRO | ||